[Event "18th Amber Rapid"]
[Site "Nice FRA"]
[Date "2009.03.25"]
[Round "10"]
[White "Kramnik, V."]
[Black "Carlsen, M."]
[Result "1/2-1/2"]
[WhiteElo "2759"]
[BlackElo "2776"]
[PlyCount "120"]
[EventDate "2009.03.14"]

1. d4 Nf6 2. c4 g6 3. Nc3 d5 4. Bf4 Bg7 5. e3 c5 6. dxc5 Qa5 7. Rc1 Ne4 8. cxd5
Nxc3 9. Qd2 Qxa2 10. bxc3 Qa5 11. Bc4 Nd7 12. Nf3 Nxc5 13. O-O O-O 14. Be5 Bxe5
15. Nxe5 f6 16. Ra1 Qb6 17. d6+ Kg7 18. dxe7 Re8 19. Nf3 Rxe7 20. Rfb1 Qc7 21.
Nd4 Ne4 22. Qd3 Nc5 23. Qd2 Ne4 24. Qd3 Nc5 25. Qc2 Ne4 26. Bd3 Nc5 27. Be2 b6
28. Bf3 Bb7 29. Nb5 Qe5 30. Bxb7 Rxb7 31. c4 Rd7 32. h3 Qe4 33. Qa2 Rad8 34.
Nc3 Qe6 35. Nd5 Ne4 36. Qc2 Rc8 37. Rd1 Qe5 38. Rd4 Nc5 39. Nc3 Qe6 40. Qd1
Rcd8 41. Rxa7 Rxa7 42. Rxd8 Qxc4 43. Ne2 Qf7 44. Qb1 Qb3 45. Qxb3 Nxb3 46. Rb8
Ra1+ 47. Kh2 Nd2 48. Rb7+ Kg8 49. Rb8+ Kf7 50. Rb7+ Kg8 51. Ng3 Rb1 52. h4 h5
53. f4 f5 54. Rd7 Rb2 55. Kh3 b5 56. Rd4 Kf7 57. e4 fxe4 58. Nxe4 Rb3+ 59. g3
Nxe4 60. Rxe4 b4 1/2-1/2

[Event "18th Amber Rapid"]
[Site "Nice FRA"]
[Date "2009.03.25"]
[Round "10"]
[White "Radjabov, T."]
[Black "Ivanchuk, V."]
[Result "1/2-1/2"]
[WhiteElo "2761"]
[BlackElo "2779"]
[PlyCount "55"]
[EventDate "2009.03.14"]

1. e4 c5 2. c3 d5 3. exd5 Qxd5 4. Nf3 Nf6 5. d4 e6 6. Be3 cxd4 7. cxd4 Bb4+ 8.
Nc3 O-O 9. Be2 Qa5 10. Qb3 b6 11. Ne5 Ba6 12. Bxa6 Bxc3+ 13. bxc3 Qxa6 14. c4
Rc8 15. O-O Nc6 16. Rfd1 Rc7 17. Bf4 Nxe5 18. Bxe5 Rxc4 19. Bxf6 gxf6 20. Qg3+
Kf8 21. Qf3 Rd8 22. Qxf6 Rd5 23. Qh6+ Ke8 24. Qxh7 Qa4 25. Qh8+ Ke7 26. Qh4+
Ke8 27. Qh8+ Ke7 28. Qh4+ 1/2-1/2

[Event "18th Amber Rapid"]
[Site "Nice FRA"]
[Date "2009.03.25"]
[Round "10"]
[White "Morozevich, A."]
[Black "Anand, V."]
[Result "1/2-1/2"]
[WhiteElo "2771"]
[BlackElo "2791"]
[PlyCount "56"]
[EventDate "2009.03.14"]

1. d4 Nf6 2. c4 e6 3. Nc3 Bb4 4. Qc2 O-O 5. a3 Bxc3+ 6. Qxc3 d5 7. Bg5 c5 8.
dxc5 d4 9. Qc2 e5 10. Nf3 Re8 11. e3 h6 12. Bxf6 Qxf6 13. Bd3 Nd7 14. O-O Nxc5
15. exd4 exd4 16. b4 Nxd3 17. Qxd3 Rd8 18. Qe4 Bf5 19. Qxb7 Rab8 20. Qxa7 Be4
21. Nd2 Bxg2 22. Kxg2 Qg5+ 23. Kh1 Qxd2 24. c5 Qf4 25. f3 Re8 26. Qa6 d3 27.
Rad1 Re2 28. Qd6 Qxd6 1/2-1/2

[Event "18th Amber Rapid"]
[Site "Nice FRA"]
[Date "2009.03.25"]
[Round "10"]
[White "Topalov, V."]
[Black "Kamsky, G."]
[Result "0-1"]
[WhiteElo "2796"]
[BlackElo "2725"]
[PlyCount "60"]
[EventDate "2009.03.14"]

1. e4 c5 2. Nf3 e6 3. d4 cxd4 4. Nxd4 a6 5. Bd3 Nf6 6. O-O d6 7. c4 b6 8. Nc3
Bb7 9. a4 Be7 10. a5 bxa5 11. Qa4+ Nbd7 12. Nb3 O-O 13. Nxa5 Qc7 14. f3 Rab8
15. b4 Ba8 16. Kh1 d5 17. c5 Qe5 18. Bd2 Qd4 19. Qc2 Ne5 20. Bxa6 dxe4 21. Ne2
Qd8 22. f4 Nf3 23. Bc3 Ng4 24. c6 Nfxh2 25. Rfd1 Bd6 26. Be1 Qf6 27. Rxd6 Nf3
28. Ng1 Nxe1 29. Qe2 Qxf4 30. g3 Qh6+ 0-1

[Event "18th Amber Rapid"]
[Site "Nice FRA"]
[Date "2009.03.26"]
[Round "11"]
[White "Ivanchuk, V."]
[Black "Karjakin, Sergey"]
[Result "0-1"]
[WhiteElo "2779"]
[BlackElo "2706"]
[PlyCount "104"]
[EventDate "2009.03.14"]

1. d4 d5 2. c4 c6 3. Nf3 Nf6 4. Nc3 e6 5. Bg5 h6 6. Bxf6 Qxf6 7. e3 Nd7 8. Bd3
dxc4 9. Bxc4 g6 10. O-O Bg7 11. Rc1 O-O 12. Bb3 Qe7 13. Na4 e5 14. d5 e4 15.
Nd4 cxd5 16. Nc3 Ne5 17. Nxd5 Qg5 18. Rc7 Bg4 19. Qc2 Nf3+ 20. Nxf3 exf3 21. g3
Rad8 22. h4 Qe5 23. Ne7+ Kh8 24. Bxf7 Bf5 25. Nxg6+ Bxg6 26. Bxg6 Qe6 27. Kh2
Qxa2 28. Be4 Qa6 29. Re1 Qa5 30. b4 Qe5 31. Bxb7 a5 32. Rc4 axb4 33. Rb1 b3 34.
Rxb3 Qa5 35. Rd3 Rb8 36. Rd7 Qa1 37. Rd1 Qa7 38. Be4 Rb2 39. Qd3 Rxf2+ 40. Kh3
Qa2 41. Kg4 Qa6 42. Rc6 Qa7 43. Rb1 Re2 44. Rb7 Qxb7 45. Rxh6+ Bxh6 46. Bxb7 f2
47. Bg2 Rxe3 48. Qd4+ Kh7 49. Be4+ Rxe4+ 50. Qxe4+ Kh8 51. Qe5+ Kg8 52. Qe6+
Rf7 0-1

[Event "18th Amber Rapid"]
[Site "Nice FRA"]
[Date "2009.03.26"]
[Round "11"]
[White "Kamsky, G."]
[Black "Morozevich, A."]
[Result "1/2-1/2"]
[WhiteElo "2725"]
[BlackElo "2771"]
[PlyCount "95"]
[EventDate "2009.03.14"]

1. e4 c6 2. d4 d5 3. e5 Bf5 4. Nf3 e6 5. Be2 c5 6. Be3 Qb6 7. Nc3 Nc6 8. O-O
Qxb2 9. Qe1 O-O-O 10. Rb1 Qxc2 11. Bb5 Bg4 12. Ng5 Nh6 13. Rc1 Qb2 14. Bxc6
bxc6 15. Na4 Qb4 16. Nxc5 Qxe1 17. Rfxe1 Bf5 18. f3 Bxc5 19. Rxc5 Kb7 20. g4
Bd3 21. Bd2 Rd7 22. Nh3 Ng8 23. Nf4 Bc4 24. Rb1+ Ka8 25. Ra5 g6 26. Nh3 h6 27.
Kf2 Ne7 28. Kg3 c5 29. Rxc5 Bxa2 30. Rb2 Bc4 31. Nf4 Rb7 32. Rc2 Kb8 33. Ng2
Rc7 34. Rxc7 Kxc7 35. Ne3 Kb6 36. Bb4 Nc6 37. Bc5+ Kb7 38. Nxc4 dxc4 39. Rxc4
a5 40. Kf4 Ka6 41. Ke4 Kb5 42. Rc1 h5 43. g5 Ra8 44. Bd6 a4 45. Rb1+ Kc4 46.
Rc1+ Kb5 47. Rb1+ Kc4 48. Rc1+ 1/2-1/2

[Event "18th Amber Rapid"]
[Site "Nice FRA"]
[Date "2009.03.26"]
[Round "11"]
[White "Aronian, L."]
[Black "Topalov, V."]
[Result "1/2-1/2"]
[WhiteElo "2750"]
[BlackElo "2796"]
[PlyCount "33"]
[EventDate "2009.03.14"]

1. d4 Nf6 2. c4 e6 3. Nf3 d5 4. g3 Bb4+ 5. Bd2 Be7 6. Bg2 O-O 7. O-O c6 8. Qc2
b6 9. Bf4 Ba6 10. cxd5 cxd5 11. Rc1 Qd7 12. Ne5 Qb7 13. Qc7 Qxc7 14. Rxc7 Bd6
15. Rc2 Nh5 16. Be3 f6 17. Nd3 1/2-1/2